| 000 | 00708nam a2200217Ia 4500 | ||
|---|---|---|---|
| 003 | GCL | ||
| 008 | 140319s9999 xx 000 0 ara d | ||
| 040 |
_aGCL / _cGCL |
||
| 082 | 0 | 4 |
_a811.09 _bا ا |
| 100 | 1 | _aايليا الحاوى | |
| 245 | 1 | 0 |
_aايليا ابوماضى شاعر التساؤل والتفاؤل / _cايليا الحاوى |
| 700 | 1 | _aايليا ابوماضى | |
| 300 | _aمتعدد | ||
| 490 |
_aالشعر العربى المعاصر دراسة وتصميم _v0 |
||
| 650 | 0 | 4 | _aالشعر العربى |
| 650 | 0 | 4 | _aشعراء المهجر |
| 650 | 0 | 4 | _aشعر المهجر |
| 650 | 0 | 4 | _aدواوين وقصائد |
| 650 | 0 | 4 | _aايليا ابوماضى |
| 942 |
_2ddc _cBK |
||
| 999 |
_c42509 _d42509 |
||